000 00840nam a2200265Ia 4500
001 21913
005 20260320113324.0
008 260320s9999||||xx |||||||||||||| ||und||
020 _a9788497324892
041 _aESP
082 _a004.66
_bH89
100 _aHuidobro Moya, José M.,
_eAUT
245 0 _aRedes de área local
_b
246 _a
_5
_b
250 _aSegunda edición
260 _aMadrid :
_bParaninfo,
_c2006
300 _axiv, 332 páginas :
_bfiguras :
_c30 cm.
_e
440 _a
_n
_v
650 _aGEN
653 _aCiencia de la computación; Modalidades de transmisión de datos
654 _aCCC
700 _aBlanco Solsona, Antonio; Calero, J. Jordán,
_cAUTS
856 _uhttps://ieeexplore-ieee-org.ucsp.lookproxy.com/Xplore/home.jsp
_zVéase además: Base de datos IEEE Xplore
942 _cLIB
_dJUS
_fTRC
_2ddc
_n
999 _c21913
_d21913